000 00568nam a2200157 i 4500
001 154602
003 ES-MaACL
005 20250717063035.0
008 931025s1887 sp |||| | spa d
100 1 _aGonzález Revilla, Leopoldo,
_d1858-1915
_958905
245 1 0 _aResumenes de legislación mercantil comparada y sistemas aduaneros /
_cpor Leopoldo Gonzalez Reuilla.
260 _aMadrid :
_bV\pda\s de Hernando y Cº,
_c1887.
300 _a95 p. ;
_c22 cm.
852 _aES-MaACL
_jF-14304
_z-- Enc. hol.
_x-- Edic.: tiene 99 p.
999 _c154602
_d154602